000 01976nam a2200397 4500
001 0000024496
003 CO-CtgCURN
005 20250515200827.0
007 ta
008 160628s2003 000 0 eng d
020 _a9583504300
040 _aCO-CtgCURN
_bspa
_ccoctgcurn
082 0 _a346.5
_bT15mo
100 1 _aTamayo Lombana, Alberto.
245 1 0 _aManual de obligaciones :
_blas obligaciones complejas la extincion de las obligaciones /
_cAlberto Tamayo Lombana.
260 _aBogotá :
_bTemis,
_c2003.
300 _axiv? 234 p.
336 _2rdacontent
337 _2rdamedia
_asin mediacion
_bn
338 _2rdacarrier
_avolumen
_bnc
504 _aNotas bibliograficas al pie del texto.
505 8 _aLas obligaciones complejas.--Las obligaciones sujetas a las modalidades del termino, la condicion y el modo.--Las obligaciones con clausula penal.--Las obligaciones plurales.--La extincion de las obligaciones.--El mutuo disenso, modo extintivo de las obligaciones.--El pago, modo normal de extincion de las obligaciones.--La prelacion de creditos.--La delegacion.--La trannsacción como modo extintivo de las obligaciones.--La remision o condonacion.--La compensacion.--La confusion.--La prescripcion extintiva
650 1 4 _aObligaciones (Derecho)
_xManuales
_zColombia.
650 1 4 _aActos jurídicos
_xManuales
_zColombia.
908 _a160627
942 _cBK
_h346.5
_iT15mo
_2ddc
_n0
999 _c20219
_d20219